000 00599nai a2200181Ia 4500
003 IN-BaIIA
008 211028c9999 xx s 000 0 eng d
022 _a0022-3549 (Print)
022 _a1520-6017 (Online)
040 _cIIA Library
245 0 _aJournal Of Pharmaceutical Sciences
_h[eJournal]
260 _aNew Jersey
_bJohn Wiley & Sons
310 _aMonthly
362 _a85(1); 1996 - 104(12); 2015
521 _bSubscribed through National Knowledge Resource Consortium (NKRC)
856 _uhttps://onlinelibrary.wiley.com/journal/15206017
_yClick Here to Access eJournal
942 _cEJ
999 _c35173
_d35173